00460 a2200169 450000100060000002000060000604000220001210000270003424000290006124500240009030000070011436200090012165000230013094200070015395201130016099900170027356723 a  cAnchieta - Pituba aMott, Odette de Barros10aO clube dos bacanaslpor10aO clube dos bacanas a920 a1987 4aLiteratura juvenil cBK 00104070a91.1b91.1d2023-11-21l0oLJ 028.5 M921c MOT CLUp6323/PITr2023-11-21 18:24:14w2023-11-21yBK c56723d56723